000 01145nam a22002777a 4500
005 20240530110337.0
008 141019s2011 ua gr 000 0 ara d
017 _a2155/2010
_bمصر . دار الكتب المصرية
020 _a9789773286753
040 _aEG-CaGPL
082 0 4 _221
_a372.218\
_bر إ
100 0 _aرانيا عبدالمعز الجمال
245 1 0 _aادارة رياض الاطفال فى عصر العولمة /
_cرانيا عبدالمعز الجمال
260 _aالاسكندرية :
_bدار الجامعة الجديدة ،
_c2011
300 _a299 ص ؛
_c24 سم
650 0 4 _aرياض الاطفال
650 0 4 _aرياض الاطفال
_xضبط الجودة
650 0 4 _aادارة الصف
650 0 4 _aمدارس الحضانة
_xتنظيم وادارة
650 0 4 _aمدارس الحضانة
_xالهيكل التعليمى
650 0 4 _aمدارس الحضانة
_xاستخدام الحاسب الالى
650 0 4 _aتعليم الاطفال
650 0 4 _aرياض الاطفال
_xمواصفات الامان
942 _2ddc
_cBK
999 _c59803
_d59803